000 00736nam a22002417a 4500
999 _c192769
_d192769
005 20221004104559.0
010 _aENG-135284
020 _a9789388548526
_c750.00
035 _aEN-118816
037 _bDBAD/PUB
082 _a347.4206
100 _aRatanlal
245 _aThe law of evidence /
_cby Ratanlal [and] Dhirajlal;edited by K.Kannan and Anjana Prakash
250 _a27th ed
260 _aGurgaon
_bLexis Nexis
_c2019
270 _a14th Floor, Building No 10, Tower-B, DLF Cyber City, Phase-ll,
_bGurgaon
_e122002
300 _aciv,776p.
_c24cm(pbk)
500 _aIncludes index
700 _aDhirajlal
710 _aKannan, K.
710 _aPrakash,Anjana
942 _2ddc
_cEN
_mRAT
_h347.4206